zpět

Detail výsledku týmu

Jazz Tibet Club, Olomouc

Datum a čas kvízu

37 Celkem bodů Celkový počet nahraných bodů na tomto kvízu bez doplňovacích otázek.
3. Pořadí na kvízu Konečné umístění týmu na tomto kvízu.

Zaznamenané odpovědi

# Otázka Odpověď Body Výsledky
1. Ekonomka a bývalá rektorka brn... Danuše Nerudová 1
2. Velkolepé čtyřdenní oslavy pla... medvídek (Paddington) 1
3. Nejsledovanější kauza současno... 15 milionů USD 1
4. V úterý jsme se dozvěděli, že... Orsay 1
5. Hokejista Jaromír Jágr předsta... konopí 1
6. V dalším díle této tematické s... arapaima 1
7. Merlík čilský je rostlina z če... quinoa 1
8. Tento pták je druhým největším... harpyje 1
9. Tato velká šelma je svým výsky... jaguár 1
10. Broméliovité je čeleď rostlin... A 1